Guess the Fusion Rock Song Lyrics #151 - Statistics

General Stats
  • This quiz has been taken 10 times
  • The average score is 273 of 335
Answer Stats
Answer % Correct
a
88%
As
88%
as
88%
be
88%
but
88%
But
88%
can
88%
can't
88%
could
88%
every
88%
friends
88%
I
88%
I'd
88%
I'm
88%
in
88%
it
88%
I've
88%
like
88%
me
88%
my
88%
not
88%
Oh
88%
see
88%
seen
88%
So
88%
the
88%
The
88%
to
88%
War
88%
we
88%
what
88%
when
88%
Why
88%
yeah
88%
you
88%
your
88%
you're
88%
around
75%
don't
75%
for
75%
know
75%
live
75%
long
75%
look
75%
of
75%
They
75%
time
75%
CIA
63%
down
63%
how
63%
wouldn't
63%
about
50%
called
50%
Chinatown
50%
harmony
50%
have
50%
kind
50%
line
50%
money
50%
show
50%
walking
50%
welfare
50%
matter
38%
money's
38%
President
38%
right
38%
spent
38%
standing
38%
talking
38%
wine
38%
working
38%
yet
38%
color
25%
Mafi-A
25%
round
25%
skin
25%
Sometimes
25%
speak
25%
hoo
13%
remembered
13%
drunk
0%
Ow
0%
paid
0%
No matching quizzes found
Score Distribution
Percent of People with Each Score
Percentile by Number Answered
Your Score History
You have not taken this quiz